Diccionario enciclopédico de la teología católica : (Record no. 48714)
[ view plain ]
| 000 -LEADER | |
|---|---|
| campo de control de longitud fija | 01127nam a22002295i 4500 |
| 001 - NÚMERO DE CONTROL | |
| campo de control | 48714 |
| 003 - IDENTIFICADOR DE NÚMERO DE CONTROL | |
| campo de control | ES-MaACL |
| 005 - FECHA Y HORA DE LA ÚLTIMA TRANSACCIÓN | |
| campo de control | 20251013203319.0 |
| 007 - CAMPO FIJO DE DESCRIPCIÓN FÍSICA--INFORMACIÓN GENERAL | |
| campo de control de longitud fija | t| |
| 008 - DATOS DE LONGITUD FIJA--INFORMACIÓN GENERAL | |
| campo de control de longitud fija | 940202m18661868sp ||||1| spa d |
| 245 00 - MENCIÓN DEL TÍTULO | |
| Título | Diccionario enciclopédico de la teología católica : |
| Resto del título | redactado por los más sabios profesores y doctores en teología de la Alemania católica moderna / |
| Mención de responsabilidad, etc. | publicado bajo la dirección del Dr. Wetzer y del Dr. Welte ; traducido y aumentado con la parte correspondiente a la Iglesia de España por la Sociedad Católica, bajo la dirección del Dr. D. José Hernández Ardieta [y D. Tomás de la Riva] ; versión castellana por Juan Clares Fuentes. |
| 260 ## - PUBLICACIÓN, DISTRIBUCIÓN, ETC. | |
| Lugar de publicación, distribución, etc. | Madrid : |
| Nombre del editor, distribuidor, etc. | [s.n.], |
| Fecha de publicación, distribución, etc. | 1866-1868 ( |
| Fabricante | Imp. de J. Fernández) |
| 300 ## - DESCRIPCIÓN FÍSICA | |
| Extensión | 12 v. ; |
| Dimensiones | 22 cm. |
| 650 #4 - PUNTO DE ACCESO ADICIONAL DE MATERIA--TÉRMINO DE MATERIA | |
| Término de materia o nombre geográfico como elemento de entrada | Teología- |
| Subdivisión de forma | Diccionarios |
| 9 (RLIN) | 17458 |
| 700 1# - ENTRADA AGREGADA--NOMBRE PERSONAL | |
| Nombre de persona | Wetzer, Heinrich Joseph. |
| 9 (RLIN) | 116593 |
| 700 1# - ENTRADA AGREGADA--NOMBRE PERSONAL | |
| Nombre de persona | Welte, Benedikt, |
| Fechas asociadas al nombre | 1805-1885 |
| 9 (RLIN) | 174184 |
| 700 1# - ENTRADA AGREGADA--NOMBRE PERSONAL | |
| Nombre de persona | Hernández-Ardieta, José. |
| 9 (RLIN) | 62884 |
| 700 1# - ENTRADA AGREGADA--NOMBRE PERSONAL | |
| Nombre de persona | Riva, Tomás de la. |
| 9 (RLIN) | 97529 |
| 700 1# - ENTRADA AGREGADA--NOMBRE PERSONAL | |
| Nombre de persona | Clares Fuentes, Juan. |
| 9 (RLIN) | 39010 |
| 852 4# - LOCALIZACIÓN | |
| Ubicación | ES-MaACL |
| Número de control de estantería | B-679-90 |
| Estatus retirado | Estado de pérdida | Estado de daño | No para préstamo | Colección | Biblioteca de origen | Biblioteca actual | Ubicación en estantería | Fecha de adquisición | Fuente de adquisición | Total de préstamos | Signatura topográfica completa | Código de barras | Visto por última vez | Precio de reemplazo | Tipo de ítem Koha |
|---|---|---|---|---|---|---|---|---|---|---|---|---|---|---|---|
| Colección de referencia | Biblioteca del Ateneo de Madrid | Biblioteca del Ateneo de Madrid | Sala Pardo Bazán | 17/01/2008 | B-679-90 | 1051265 | 23/02/2023 | 23/02/2023 | Libro impreso antiguo |
